[Event "Julian Mazur Memorial"]
[Site "Wellington Chess Club"]
[Date "2013.12.05"]
[Round "7"]
[White "Aldridge, Alan"]
[Black "Tionko, Efrain"]
[Result "1-0"]
[WhiteElo "1990"]
[BlackElo "1844"]

1. d4 Nf6 2. c4 g6 3. Nc3 Bg7 4. e4 d6 5. f3 O-O 6. Be3 c5 7. Nge2 Nc6 8. Qd2
cxd4 9. Nxd4 Nd7 10. Be2 a6 11. Rd1 Re8 12. Nd5 Nxd4 13. Bxd4 Bxd4 14. Qxd4 Nc5
15. O-O e5 16. Qd2 Ne6 17. Qc3 Bd7 18. f4 $5 {#Diagram} 18... Nxf4 $2 {falling
into a brutal trap} 19. Rxf4 $1 exf4 20. Nf6+ Kf8 21. Nxh7+ {White has the
luxury of picking up a free pawn without loss of tempo} 21... Kg8 22. Nf6+ Kf8
{The Re8 beseechingly begs to be taken} 23. Rxd6 $1 {No such luck, the mighty
horse is worth much more than the rook!} 23... Re6 24. Nxd7+ Ke7 25. Rxe6+ Kxe6
26. Nc5+ Ke7 27. Qe5+ {The smoke has cleared, White has a decisive material
advantage and a continuing attack. Al wraps up smoothly to complete a powerful
and impressive win.} 27... Kf8 28. Nxb7 Qb8 29. Nd6 Qb4 30. Qxf4 Qe1+ 31. Qf1
Qxf1+ 32. Kxf1 Ke7 33. c5 a5 34. Bc4 f6 35. Ke2 a4 36. Kd3 Ra5 37. Kd4 Ra8 38.
b3 axb3 39. Bxb3 Rh8 40. h3 Rh4 41. a4 f5 42. a5 fxe4 43. Nxe4 Rh8 44. a6 Ra8
45. Bc4 Kd7 46. Nf6+ Kc7 47. Nd5+ Kb8 48. Ne7 g5 49. c6 Ra7 50. Nd5 Kc8 51. Kc5
g4 52. Kb6 gxh3 53. gxh3 Kb8 54. c7+ 1-0

[Event "Julian Mazur Memorial"]
[Site "Wellington Chess Club"]
[Date "2013.12.05"]
[Round "7"]
[White "Dive, Russell"]
[Black "Ker, Anthony"]
[Result "1-0"]
[WhiteElo "2421"]
[BlackElo "2422"]

1. Nf3 d6 2. d4 Bg4 3. c4 Nf6 4. Qb3 Qc8 5. h3 Bh5 6. g4 Bg6 7. Bg2 c6 8. Nc3
e6 9. Nh4 Be7 10. Nxg6 hxg6 11. Bf4 Nbd7 12. e3 O-O 13. Bg3 Nb6 14. a4 d5 15.
c5 Nbd7 16. a5 e5 17. O-O Bd8 18. a6 b5 19. cxb6 axb6 {#Diagram Now that White
no longer has a vulnerable pawn on c5, he can capture advantageously on e5 and
Black's loosened position starts falling apart} 20. dxe5 Nc5 21. Qd1 Nfd7 22.
b4 Nxa6 23. b5 Nb4 24. Qb3 Rxa1 25. Rxa1 Be7 26. bxc6 Qxc6 27. Nxd5 Nxd5 28.
Bxd5 {#Diagram with a healthy extra pawn, two bishops and a more active rook,
White is winning. Black struggles to the end but the result never seems in
doubt.} 28... Nc5 29. Bxc6 Nxb3 30. Ra7 Bb4 31. Bd5 Nc5 32. f4 Ne6 33. f5 gxf5
34. gxf5 Ng5 35. h4 Nh7 36. Kg2 Bc5 37. Kf3 b5 38. Rc7 Ba3 39. Rb7 b4 40. Bf4
Bc1 41. Ke4 Ba3 42. h5 Bc1 43. Rxb4 Ba3 44. Rb7 Bc5 45. Kf3 Ba3 46. e4 Bc5 47.
Kg4 Bd4 48. h6 Bc3 49. Kh5 gxh6 50. Bxh6 Bxe5 51. Bxf8 Nf6+ 52. Kg5 Nxd5 53.
exd5 Kxf8 54. f6 Bh2 55. Kf5 Ke8 56. Re7+ Kf8 57. Re2 Bd6 58. Re4 Bg3 59. Re2
Bd6 60. Re3 Bb4 61. Rb3 Bd6 62. Rb6 Bg3 63. Rb3 Bd6 64. Re3 Bb4 65. Ke5 Ke8 66.
Rb3 Bc5 67. Rb8+ Kd7 68. Rb7+ Ke8 69. d6 Ba3 70. Kd5 Bc1 71. Kc6 1-0

[Event "Julian Mazur Memorial"]
[Site "Wellington Chess Club"]
[Date "2013.12.05"]
[Round "7"]
[White "Farrington, Lawrence"]
[Black "Stracy, Don"]
[Result "1-0"]
[WhiteElo "1761"]
[BlackElo "1851"]

1. e4 c5 2. c3 Nf6 3. e5 Nd5 4. d4 cxd4 5. Nf3 Nc6 6. Bc4 Nb6 7. Bb3 d6 8. exd6
Qxd6 9. cxd4 Be6 10. Bxe6 Qxe6+ 11. Be3 Nd5 12. Qb3 Nxe3 13. Qxe3 Qxe3+ 14.
fxe3 e6 15. Nc3 Be7 16. Rc1 O-O 17. Ke2 Rac8 18. Ne4 Nb4 19. Nc3 a6 20. a3 Nd5
21. Rc2 Nxc3+ 22. bxc3 Bxa3 23. Ra1 Bd6 24. Kd3 Rc6 25. h3 Rfc8 26. Rb1 b5 27.
Nd2 Kf8 28. Nb3 Bb4 29. Rbc1 Ke7 30. cxb4 Kd6 31. Na5 Rxc2 32. Rxc2 Rxc2 33.
Kxc2 Kd5 34. Kd3 f5 35. Nb3 g5 36. Nd2 h5 37. Nf3 g4 38. hxg4 hxg4 39. Ne1 e5
40. dxe5 Kxe5 41. g3 Kd5 42. Nc2 Ke5 43. Nd4 Kf6 44. Nb3 Ke5 45. Nc5 Kd5 46.
Nxa6 1-0

[Event "Julian Mazur Memorial"]
[Site "Wellington Chess Club"]
[Date "2013.12.05"]
[Round "7"]
[White "List, Robert"]
[Black "Konakanchi, Karthik"]
[Result "1-0"]
[WhiteElo "1702"]
[BlackElo "927"]

1. e4 e5 2. Bc4 Nf6 3. Nc3 Bb4 4. d3 Bxc3+ 5. bxc3 d5 6. exd5 Nxd5 7. Qf3 Be6
8. Ba3 Qd7 9. Bxd5 Bxd5 10. Qg3 f6 11. Ne2 Nc6 12. O-O O-O-O 13. c4 Be6 14.
Rab1 Kb8 15. Rb2 Nd4 16. Nxd4 Qxd4 17. Rfb1 b6 18. c5 e4 19. cxb6 axb6 20.
Rxb6+ Kc8 21. Rb8+ Kd7 22. Qxg7+ Kc6 23. Rxd8 Rxd8 24. Bb2 Qd7 25. Qxf6 exd3
26. Qc3+ Kd6 27. Ba3+ Kd5 28. Qxd3+ Ke5 29. Bb2+ Kf4 30. Bc1+ Ke5 31. f4+ Kf6
32. Bb2+ Kf7 33. Qxh7+ Ke8 34. Qh8+ Kf7 35. Qh7+ Ke8 36. Qxd7+ Rxd7 37. Re1 Kf7
38. a3 Rd2 39. Rc1 Bd5 40. c4 Rxg2+ 41. Kf1 Bc6 42. Be5 Rxh2 43. Rc3 Rh1+ 44.
Kf2 Rh2+ 45. Ke3 Rh3+ 46. Kd4 Rh1 47. Bxc7 Rd1+ 48. Kc5 Be4 49. a4 Ke7 50. Re3
Kd7 51. Rxe4 Kxc7 52. f5 Rf1 53. Re5 Ra1 54. Kb5 Rb1+ 55. Ka5 Rb6 56. Re6 Rxe6
57. fxe6 Kd6 58. Kb6 Kxe6 59. a5 Ke5 60. c5 Kd5 61. c6 Kc4 62. a6 Kb4 63. c7
Ka4 64. c8=Q Kb4 65. a7 Kb3 66. a8=Q Kb2 67. Qac6 Kb1 68. Qc2+ Ka1 69. Q8c3#
1-0

[Event "Julian Mazur Memorial"]
[Site "Wellington Chess Club"]
[Date "2013.12.05"]
[Round "7"]
[White "Marney, John"]
[Black "Brockway, Andrew"]
[Result "1/2-1/2"]
[WhiteElo "1675"]
[BlackElo "1769"]

1. e4 c5 2. Nf3 g6 3. d4 cxd4 4. Nxd4 Nc6 5. c4 Bg7 6. Nb5 d6 7. Nd2 Nf6 8. Be2
a6 9. Nc3 Bd7 10. O-O O-O 11. Rb1 Rc8 12. b3 Nd4 13. Bd3 Ng4 14. Ne2 Nc6 15.
Nf3 Nge5 16. Ng3 Bg4 17. Be2 Nxf3+ 18. Bxf3 Be6 19. a3 Qd7 20. Be3 Ne5 21. Be2
Rc7 22. f4 Ng4 23. Bd4 Bxd4+ 24. Qxd4 f5 25. Bxg4 fxg4 26. f5 Bf7 27. Rbd1 Qc6
28. fxg6 hxg6 29. e5 Qc5 30. exd6 exd6 31. Ne4 Qxd4+ 32. Rxd4 b5 33. cxb5 axb5
34. Nxd6 Rd7 35. Nxb5 Rxd4 36. Nxd4 Rd8 37. Rf4 Ra8 38. Rxg4 Rxa3 39. b4 Ra1+
40. Kf2 Rb1 41. Nc6 Rb2+ 42. Ke3 Kg7 43. Kd4 Rc2 44. Ne5 Rb2 45. Kc3 Rb1 46.
Nxf7 Kxf7 47. Re4 Rd1 48. Re2 Rc1+ 49. Rc2 Rf1 50. Rb2 Ke6 51. Kc4 Kd6 52. Kb5
Kc7 53. Ka6 Kb8 54. Kb6 Rf6+ 55. Kc5 Kb7 56. b5 Rf5+ {#Diagram John nearly lost
on time here and obviously lost confidence. But White has an ideal setup and
can win routinely by penetrating with the king - Kd6 and a trip to the kingside
decides quickly. } 1/2-1/2

[Event "Julian Mazur Memorial"]
[Site "Wellington Chess Club"]
[Date "2013.12.05"]
[Round "7"]
[White "Pandey, Alok"]
[Black "Sellen, Ian"]
[Result "1/2-1/2"]
[WhiteElo "1901"]
[BlackElo "2072"]

1. d4 d5 2. c4 e6 3. Nc3 Nf6 4. Bg5 Be7 5. e3 h6 6. Bf4 c6 7. cxd5 exd5 8. Bd3
O-O 9. Nge2 Re8 10. Qc2 a5 11. O-O Na6 12. a3 Bd6 13. Rfb1 Bg4 14. h3 Bxe2 15.
Nxe2 Nc7 16. Bxd6 Qxd6 17. Ng3 Ne6 18. Nf5 Qf8 19. b4 axb4 20. axb4 Rxa1 21.
Rxa1 g6 22. Ng3 Kg7 23. Qa4 Qd6 24. Rc1 Nc7 25. Qa7 Qxb4 26. Rb1 Qc3 27. Bf1
Ra8 28. Qxb7 Nfe8 29. Ne2 Qd2 30. Qxc6 Ra2 31. Qc1 Qa5 32. Nc3 Ra3 33. Nb5 Nxb5
34. Rxb5 Qa8 35. Qc5 Nf6 36. Qd6 Ra6 37. Rb6 Rxb6 38. Qxb6 Qa1 39. Qa6 Qe1 40.
Qe2 Qa1 41. g3 Ne4 42. Kg2 Nc3 43. Qc2 Qe1 44. Bd3 Nd1 45. Qe2 Qxe2 46. Bxe2
Nc3 47. Bd3 f5 48. f3 Kf6 49. Kf2 Na4 50. Ke2 Nb6 51. Kd2 Nc8 52. Kc3 Ke6 53.
Kb4 Kd6 54. h4 Ne7 55. Bb5 g5 56. hxg5 hxg5 57. Be8 Ng8 58. Bg6 Ke6 59. Kc5 Nf6
60. Kc6 Ng8 61. Kc7 Ne7 62. Be8 f4 63. gxf4 gxf4 64. exf4 Kf5 65. Kd6 Ng8
{#Diagram Alok has outplayed his opponent and just needs to mop up} 66. Kxd5 $4
{Goodness me}  (66. Bc6 {is the obvious way to go} ) 66... Nf6+ 67. Kc6 Nxe8
68. d5 Nf6 1/2-1/2

[Event "Julian Mazur Memorial"]
[Site "Wellington Chess Club"]
[Date "2013.12.05"]
[Round "7"]
[White "Rossiter, Philip"]
[Black "Stone, Andrew"]
[Result "0-1"]
[WhiteElo "1836"]
[BlackElo "2076"]

1. c4 Nf6 2. Nc3 g6 3. d4 d5 4. cxd5 Nxd5 5. e4 Nxc3 6. bxc3 Bg7 7. Nf3 O-O 8.
Be3 c5 9. Qd2 Qa5 10. Rc1 Rd8 11. Be2 Nc6 12. d5 f5 13. exf5 Bxf5 14. O-O e6
15. c4 Qxd2 16. Nxd2 exd5 17. cxd5 Nd4 18. Bxd4 cxd4 19. g4 Bd7 20. Bf3 Bh6 21.
Rcd1 Rf8 22. Kg2 Rf4 23. Ne4 Raf8 24. g5 Rxf3 25. gxh6 Bh3+ 26. Kg1 Bxf1 27.
Kxf1 d3 28. Rd2 Rc8 29. d6 Rf4 30. d7 Rd8 31. Nc5 Rc4 0-1

[Event "Julian Mazur Memorial"]
[Site "Wellington Chess Club"]
[Date "2013.12.05"]
[Round "7"]
[White "Van der Hoorn, Mark"]
[Black "Timergazi, Layla"]
[Result "1-0"]
[WhiteElo "2230"]
[BlackElo "1889"]

1. d4 d5 2. Bf4 c6 3. e3 e6 4. Bd3 Bd6 5. Bxd6 Qxd6 6. Qg4 Qf8 7. Nf3 Nf6 8.
Qg3 Nbd7 9. Nbd2 h6 10. O-O Nh5 11. Qh4 Ndf6 12. Ne5 g5 13. Qh3 Qg7 14. g4 1-0

[Event "Julian Mazur Memorial"]
[Site "Wellington Chess Club"]
[Date "2013.12.05"]
[Round "7"]
[White "Wastney, Scott"]
[Black "Pomeroy, Arthur"]
[Result "1-0"]
[WhiteElo "2447"]
[BlackElo "2113"]

1. e4 c5 2. Nf3 d6 3. d4 cxd4 4. Qxd4 a6 5. h3 Nc6 6. Qe3 g6 7. Be2 Bg7 8. O-O
Nf6 9. Rd1 O-O 10. c4 Nd7 11. Nc3 Nc5 12. Bd2 Rb8 13. Rac1 Bd7 14. b3 f5 15.
exf5 Rxf5 16. Nd5 Rh5 17. Ng5 Bd4 18. Nxe7+ Qxe7 19. Qxe7 Nxe7 20. Bxh5 gxh5
21. Bf4 Bf6 22. Rxd6 Rf8 23. b4 Nf5 24. bxc5 Nxd6 25. cxd6 Bb2 26. Rb1 Rxf4 27.
Rxb2 Rd4 28. c5 Bc6 29. Rc2 h6 30. Ne6 Rd5 31. Nd8 Kf8 32. Re2 Bb5 33. Re7 b6
34. Ne6+ Kg8 35. cxb6 Rxd6 36. b7 Rb6 37. Rg7+ Kh8 38. Rc7 Be8 39. Nc5 1-0

[Event "Julian Mazur Memorial"]
[Site "Wellington Chess Club"]
[Date "2013.12.05"]
[Round "7"]
[White "Wilkins, Mark"]
[Black "Wevita, Roshan"]
[Result "1-0"]
[WhiteElo "1906"]
[BlackElo "1511"]

1. d4 e6 2. c4 d5 3. Nc3 Nf6 4. Nf3 g6 5. Bg5 Bg7 6. e3 Nbd7 7. cxd5 O-O 8.
dxe6 fxe6 9. Be2 Nb6 10. O-O Qd6 11. Rc1 Ng4 12. Ne4 Qd7 13. Bf4 Nd5 14. Bg3 c6
15. h3 Ngf6 16. Nc5 Qe7 17. Bc4 Bd7 18. Qb3 Bc8 19. e4 Nc7 20. Bxc7 Qxc7 21.
Bxe6+ Kh8 22. e5 Nh5 23. Ng5 Qe7 24. Nf7+ Kg8 25. Nd6+ Bxe6 26. Nxe6 Kh8 27.
Nxf8 Bxf8 28. Qxb7 Qxb7 29. Nxb7 Rc8 30. Nc5 Nf4 31. Rc2 Rd8 32. Rd1 Bxc5 33.
Rxc5 Ne2+ 34. Kf1 Nxd4 35. Rc4 c5 36. Rxc5 Ne6 37. Rxd8+ Nxd8 38. Rc8 1-0

[Event "Julian Mazur Memorial"]
[Site "Wellington Chess Club"]
[Date "2013.12.12"]
[Round "8"]
[White "Brockway, Andrew"]
[Black "List, Robert"]
[Result "1-0"]
[WhiteElo "1769"]
[BlackElo "1670"]

1. e4 d6 2. d4 e5 {What's this the List defence?} 3. dxe5 dxe5 4. Qxd8+ Kxd8 5.
Bc4 f6 6. Nc3 Nc6 7. Be3 a6 8. O-O-O+ Bd6 {#Diagram} 9. Bc5 $1 {Initiating an
energetic sequence!} 9... b5 $2 {This loses} 10. Bxd6 cxd6 11. Rxd6+ Bd7 (11...
Kc7 12. Rxc6+ Kxc6 13. Bd5+) 12. Be6 Ra7 13. Bxd7 Rxd7 14. Rxc6 Ne7 15. Rxa6 b4
16. Ra8+ Nc8 17. Nd5 Re8 18. Rxc8+ 1-0

[Event "Julian Mazur Memorial"]
[Site "Wellington Chess Club"]
[Date "2013.12.12"]
[Round "8"]
[White "Cunningham, Patrick"]
[Black "Wevita, Roshan"]
[Result "1-0"]
[WhiteElo "1590"]
[BlackElo "1511"]

1. e4 e5 2. Nf3 Nc6 3. Bb5 d6 4. O-O Nf6 5. Re1 Bg4 6. d3 g6 7. Bg5 Bg7 8. h3
Bd7 9. Nc3 Ne7 10. Bc4 c6 11. a4 O-O 12. Qd2 Qb6 13. Bb3 Rac8 14. Bh6 d5 15.
Bxg7 Kxg7 16. Nxe5 Be6 17. exd5 Nexd5 18. Ne4 Nxe4 19. dxe4 Rfd8 20. exd5 Bxd5
21. Qc3 f6 22. Ng4 Bxb3 23. Qxf6+ Kg8 24. Nh6# 1-0

[Event "Julian Mazur Memorial"]
[Site "Wellington Chess Club"]
[Date "2013.12.12"]
[Round "8"]
[White "Kay, Bruce"]
[Black "Rossiter, Philip"]
[Result "1-0"]
[WhiteElo "1825"]
[BlackElo "1836"]

1. d4 Nf6 2. c4 e6 3. Nc3 Bb4 4. e3 c5 5. Bd3 Nc6 6. Nf3 Bxc3+ 7. bxc3 d6 8. e4
Qc7 9. O-O h6 10. d5 Ne7 11. h3 O-O 12. Nh2 e5 13. f4 Nd7 14. f5 f6 15. Qh5 Qd8
16. Ng4 Qe8 {#Diagram} 17. Nxh6+ $5 {Played with youthful optimism!} 17... gxh6
18. Qxh6 Qf7 19. Rf3 Qh7 20. Rg3+ Kh8 21. Qe3 Rg8 22. Bd2 Qh4 23. Rxg8+ Kxg8
24. Rf1 Kf7 25. Rf3 Nf8 26. Rg3 Qh7 27. Rg4 Bd7 28. Qg3 Rb8 29. Rh4 Qg7 30. Rg4
Qh8 31. Rh4 Nh7 32. Qg4 {#Diagram White now has a winning bind} 32... Qg7 {This
accelerates Black's demise, but there is no defense to the attack }  (32... --
33. Qh5+ Kg8 34. Rg4+ Kf8 35. Bh6+) 33. Qh5+ Kg8 34. Rg4 Ng5 35. Bxg5 Be8 36.
Qh4 Kf7 37. Be3 Qxg4 38. Qxg4 Ng8 39. Qh4 Ke7 40. Qh7+ Bf7 41. Be2 Ke8 42. Bh5
{Nice work Bruce!} 1-0

[Event "Julian Mazur Memorial"]
[Site "Wellington Chess Club"]
[Date "2013.12.12"]
[Round "8"]
[White "Nyberg, Michael"]
[Black "Ker, Anthony"]
[Result "0-1"]
[WhiteElo "2027"]
[BlackElo "2422"]

1. d4 d6 2. Nf3 Bg4 3. c3 Bxf3 4. gxf3 c6 5. Nd2 Nf6 6. Qb3 Qc7 7. Ne4 Nbd7 8.
Ng5 d5 9. e4 h6 10. Nh3 dxe4 11. Bc4 e6 12. fxe4 {#Diagram Is that a free
pawn?} 12... Nxe4 $1 {kind of} 13. Bxe6 $1 {clever} 13... Ndc5 $1 {very clever}
14. dxc5 Nxc5 15. Bxf7+ Qxf7 16. Qxf7+ Kxf7 {Black's small victory in the
combinative battle is a better pawn structure.} 17. O-O Be7 18. Be3 Rhd8 19.
Rfd1 Na4 20. Rxd8 Rxd8 {#Diagram What about that, is that a free pawn?} 21.
Bxa7 b6 {maybe not} 22. b3 Ra8 23. bxa4 Rxa7 24. Nf4 Rxa4 {After more
combinative play Black's reward is more pawn weaknesses for White} 25. Ne2 Bf6
26. Kf1 b5 27. Rd1 Rxa2 28. Rd6 c5 29. Rb6 Rb2 30. Rb7+ Ke6 31. Nf4+ Kd6 32.
Rb6+ Kd7 33. Nd5 Be7 34. f4 Bd6 35. c4 b4 36. Rb7+ Ke6 37. Rxg7 Rc2 38. f5+ Ke5
39. Ne3 {#Diagram} 39... b3 $6 {Looks good, but gives White a chance} 40. Ke1
$4 (40. Rb7 $1 {is obvious and a little awkward for Black} ) 40... Rc1+ 0-1

[Event "Julian Mazur Memorial"]
[Site "Wellington Chess Club"]
[Date "2013.12.12"]
[Round "8"]
[White "Sellen, Ian"]
[Black "Farrington, Lawrence"]
[Result "1-0"]
[WhiteElo "2072"]
[BlackElo "1761"]

1. c4 e5 2. Nc3 Nf6 3. Nf3 Nc6 4. g3 d5 5. cxd5 Nxd5 6. d3 Bb4 7. Bd2 Nxc3 8.
bxc3 Bd6 9. Bg2 Bg4 10. Qa4 O-O 11. Qxg4 f5 12. Qc4+ Kh8 13. Ng5 Qf6 14. O-O
Nd8 15. Qh4 Qg6 16. Qc4 c6 17. Nf3 h6 18. Nh4 Qf6 19. e4 fxe4 20. Bxe4 Rf7 21.
f4 Qe6 22. Ng6+ Kg8 23. Qxe6 Nxe6 24. fxe5 Bc7 25. Rxf7 Kxf7 26. Rf1+ Kg8 27.
d4 Bb6 28. Kg2 Rd8 29. Bc2 Ng5 30. Bb3+ Kh7 31. Nf8+ Kh8 32. Bxg5 hxg5 33. Ne6
Re8 34. Rf8+ Rxf8 35. Nxf8 Bd8 36. e6 1-0

[Event "Julian Mazur Memorial"]
[Site "Wellington Chess Club"]
[Date "2013.12.12"]
[Round "8"]
[White "Stone, Andrew"]
[Black "Jackson, Ross"]
[Result "1-0"]
[WhiteElo "2076"]
[BlackElo "1990"]

1. e4 c5 2. d4 cxd4 3. c3 dxc3 4. Nxc3 Nc6 5. Bc4 e6 6. Nf3 a6 7. O-O b5 8. Bb3
Na5 9. Be3 Bb7 10. Rc1 Nxb3 11. Qxb3 Nf6 12. Rfd1 Rc8 13. Bg5 h6 14. Bf4 Nxe4
15. Nxe4 Bxe4 16. Ne5 Rxc1 17. Rxc1 Bd5 18. Qg3 {#Diagram An interesting
position, Black is two healthy pawns up and should win, but there are some
practical difficulties.} 18... g5 {The fact that this is Houdini's first choice
hints at Black's problems} 19. Bd2 Bd6 20. Qc3 O-O $2 {Black should avoid this,
the king is a real target amongst all those weakened squares, in fact White
makes inroads immediately} 21. Ng4 $1 f5 22. Nxh6+ Kh7 23. Qh3 Kg6 24. g4 f4 (
{although ugly, } 24... fxg4 {avoiding Qh5+ is mandatory} ) 25. Qh5+ Kg7 26. h4
$6 {Letting Black back into the game}  (26. Nf5+ exf5 27. Bc3+ Rf6 28. Rd1 {is
an attractive computer win} )  (26. Bc3+ {also wins} ) 26... Be7 27. Bc3+ Bf6
28. Qxg5+ Kh7 29. Qh5 Kg7 30. g5 Bxc3 31. Rxc3 Qe8 32. Qxe8 Rxe8 {Amazingly, we
end up in an evenish ending. From now on White outplays his opponent} 33. h5
Bxa2 {greedy} 34. Rc7 Rd8 35. Ng4 Kf8 36. Ne5 {#Diagram White is winning} 36...
Ke7 {submitting to a forced win} 37. Nc6+ Kd6 38. Nxd8 Kxc7 39. Nf7 d6 40. g6
Bb1 41. Ng5 Kd7 42. g7 1-0

[Event "Julian Mazur Memorial"]
[Site "Wellington Chess Club"]
[Date "2013.12.12"]
[Round "8"]
[White "Theodosiou, Andreas"]
[Black "Wight, Joshua"]
[Result "1/2-1/2"]
[WhiteElo "1365"]
[BlackElo "1231"]

1. e4 e5 2. Nf3 Nc6 3. Bb5 d6 4. d4 Bd7 5. Be2 g6 6. Be3 Bg7 7. Qd2 a6 8. c3
Nf6 9. Bd3 O-O 10. Bh6 Bg4 11. Bxg7 Kxg7 12. Qe2 exd4 13. Nbd2 dxc3 14. bxc3
Re8 15. h3 Bxf3 16. Qxf3 Ne5 17. Qe3 Nxd3+ 18. Qxd3 d5 19. Qd4 dxe4 20. O-O
Qxd4 21. cxd4 Rad8 22. Nb3 b6 23. Rac1 Re7 24. Rc4 Rd5 25. Rfc1 Ne8 26. a4 b5
27. axb5 Rxb5 28. Nc5 a5 29. Na6 Rb7 30. d5 Ra7 31. Nb8 Rb7 32. Nc6 Rd7 33.
Nxa5 Rb5 34. Rxe4 Nf6 35. Ra4 Nxd5 36. Nc6 Rb7 37. Ne5 Rd8 38. Nc6 Rc8 39. Rd4
Nf6 40. Ne7 1/2-1/2

[Event "Julian Mazur Memorial"]
[Site "Wellington Chess Club"]
[Date "2013.12.12"]
[Round "8"]
[White "Tionko, Efrain"]
[Black "Stoeveken, Peter"]
[Result "0-1"]
[WhiteElo "1844"]
[BlackElo "1910"]

1. e4 e6 2. d3 d5 3. Qe2 dxe4 4. dxe4 b6 5. Nf3 a5 6. c4 Nf6 7. Bg5 h6 8. Bh4
Be7 9. Nc3 O-O 10. e5 Nfd7 11. Bxe7 Qxe7 12. Qe4 Ra7 13. Bd3 f5 14. exf6 Nxf6
15. Qe2 Bb7 16. O-O Nbd7 17. Nb5 Bxf3 18. Qxf3 Ne5 19. Qe2 Nxd3 20. Qxd3 Rb7
21. Rfe1 Rd8 22. Qf3 Rbb8 23. Qc6 Rd2 24. b3 Rbd8 25. Qxc7 Qb4 26. Qxb6 Qe7 27.
Qxa5 Qc5 28. Qa7 Qf5 29. Qe3 R8d3 30. Qxe6+ Qxe6 31. Rxe6 Ng4 {#Diagram White
has four extra pawns. However one or two are bound to drop off, so neutralising
Black is not trivial} 32. h3 Nxf2 33. Rd6 $1 {Clever} 33... Nxh3+ 34. Kh2 $2 (
{Simply} 34. gxh3 $1 Rxd6 35. Nxd6 Rxd6 {with an easy win} ) 34... Nf4 35. Rxd3
Nxd3 36. Kg3 $2 ( {White can simply charge forward now} 36. a4 Nf4 37. a5 Rxg2+
38. Kh1) 36... g5 37. Nc3 $2 (37. a4 {is still best} ) 37... Nf4 {Now this
creates two threats} 38. a4 {Finally played at the point when it is too late!}
38... Rd3+ 39. Kg4 Rxc3 40. a5 Kf7 41. a6 $2 {The final mistake}  (41. Kf5
{escaping the net with drawing chances still} ) 41... Kg6 $1 {With inevitable
mate} 42. Rh1 Rxb3 43. g3 h5+ 0-1

[Event "Julian Mazur Memorial"]
[Site "Wellington Chess Club"]
[Date "2013.12.12"]
[Round "8"]
[White "Van der Hoorn, Mark"]
[Black "Dive, Russell"]
[Result "1-0"]
[WhiteElo "2230"]
[BlackElo "2421"]

1. d4 Nf6 2. c4 e6 3. Nc3 Bb4 4. f3 d5 5. a3 Bxc3+ 6. bxc3 c5 7. cxd5 exd5 8.
Bg5 h6 9. Bh4 O-O 10. e3 Re8 11. Qd2 Ne4 12. Bxd8 Nxd2 13. Kxd2 Rxd8 14. Bd3
Nc6 15. Ne2 Na5 16. Rab1 Bd7 17. e4 Rac8 18. e5 Ba4 {#Diagram} 19. dxc5 $1 {A
nice idea, White is prepared to sacrifice the exchange to get his knight to the
ideal square d4, supported by a well placed rook after winning a pawn with
Rxb7. Apparently Mark has been covering exchange sacs with Andrew Brockway, and
considering them more often in his own games. So I think Andrew Brockway should
definitely get partial credit for this win.} 19... Nb3+ 20. Rxb3 Bxb3 21. Rb1
Bc4 22. Rxb7 a6 $2 {The trouble with this move is that White gets to keep the
c5 pawn} 23. Nd4 Bxd3 ( {Now that the knight is on d4 it is too late for} 23...
Rxc5 {(with or without exchanging bishops) because} 24. e6 $1 {will be very
painful} ) 24. Kxd3 Re8 25. c6 Rxe5 26. f4 {better to play Ra7} 26... Ree8 $2
{better to get active with Re1} 27. Rd7 Rcd8 28. Ra7 ( {After a little thought
Houdini 1.5 finds a way to force the c pawn through here with} 28. Rxd8 Rxd8
29. c4 $1 dxc4+ 30. Kxc4 Kf8 31. Kc5 Ke7 32. c7 Rf8 33. Nc6+ Kd7 34. Kb6 a5 35.
Kb7 h5 36. Ne5+) 28... Kf8 29. Rxa6 Ra8 30. Rxa8 Rxa8 31. Nb5 {#Diagram} 31...
Ke7 ( {Black can achieve an unusual drawing setup with} 31... Ra6 $1 32. c7 Rc6
33. Kd4 Ke7 34. Kxd5 Kd7 {And black can shuttle the rook on the third rank,
keeping the White king out, and the Knight is tied to defending the c pawn} )
32. Kd4 Kd8 33. Kxd5 Ra4 34. c4 f6 35. Kc5 g5 36. c7+ $2 ( {White should
improve his king first} 36. fxg5 $1 hxg5 37. Kb6 $1 Rxc4 38. Kb7 {and wins by
advancing the a pawn} ) 36... Kd7 37. fxg5 hxg5 38. g4 ( {But now with the pawn
already on c7} 38. Kb6 Rxc4 39. Kb7 f5 40. a4 Rc5 {stymies further progress. I
am sure I would definitely have seen all these subtleties without Houdini's
help and with 30 seconds a move after four hours of tough chess! (the reality
is that actually in those circumstances I can barely keep track of which way
pawns are moving)} ) 38... Ra6 39. Kd5 Ra8 40. c5 Ra6 41. c8=Q+ $2 ( {There is
only one winning move here} 41. h3 $3 {puts Black into Zugzwang!} ) 41... Kxc8
42. c6 Ra4 43. h3 {#Diagram It seems Black can draw here because he has a
fortress if he is careful. White's winning plan is to put his king on b6 then
his knight on d6, followed by queening the c pawn. But that is his only way to
make progress and Black can prevent it by keeping his rook on the a file, ready
to play Ra6 at the right time.} 43... Rf4 $2 44. Kc5 Rf3 45. Kb6 Rb3 46. a4
{Unfortunately for Black, this defensive plan fails because it doesn't
restrain White's 'other' passed pawn} 46... Kb8 47. a5 Rb1 48. a6 Ka8 49. c7
Rc1 50. c8=Q+ $1 {A nice way to do it, it's always best to choose the most
forcing continuation if it ends in a clear win (because each forced move is a
move where your opponent doesn't get the opportunity to do something clever or
tricky)} 50... Rxc8 51. Nc7+ {White will enjoy eating both Black's pawns} 1-0